Lodenica na nábreží Oravskej priehrady v Námestove

Uložené v:
Podrobná bibliografia
Hlavný autor: Pempeková, Eliška (Autor)
Ďalší autori: Hanzl, Jakub (Vedúci práce)
Médium: Rukopis Kniha
Jazyk:Slovak
Vydavateľské údaje: 2023
Predmet:
On-line prístup:http://is.stuba.sk/zp/portal_zp.pl?podrobnosti=156025
https://opac.crzp.sk/?fn=detailBiblioForm&sid=D51643D01657CDEC2692B7F06848
Tagy: Pridať tag
Žiadne tagy, Buďte prvý, kto otaguje tento záznam!

MARC

LEADER 00000ntm a22000003a 4500
001 stuzp93725
003 SK-STU
005 20230921083250.4
007 ta
008 150427s2015----xo-----f-mn---000-0-slo-d
040 |a STU  |b slo 
041 0 |a slo 
100 1 |a Pempeková, Eliška  |u 010310  |4 aut  |U SvF Stavebná fakulta  |T SvF Katedra architektúry  |X 103937  |U V181|V310  |Y 19  |7 103937 
242 0 1 |a Acupuncture of the embankment of Orava dam in Námestovo  |y eng 
245 1 0 |a Lodenica na nábreží Oravskej priehrady v Námestove 
260 |c 2023 
650 4 |a nábrežie  |2 slo 
650 4 |a Oravská priehrada  |2 slo 
650 4 |a lodenica  |2 slo 
650 4 |a Námestovo  |2 slo 
650 4 |a shipyard  |2 eng 
650 4 |a Námestovo  |2 eng 
650 4 |a embankment  |2 eng 
650 4 |a Orava dam  |2 eng 
700 1 |a Hanzl, Jakub  |u 010310  |k Z3  |4 ths  |U SvF Stavebná fakulta  |T SvF Katedra architektúry  |X 75848  |U V181|V310  |Y 19  |7 75848 
856 4 |u http://is.stuba.sk/zp/portal_zp.pl?podrobnosti=156025 
856 4 |u https://opac.crzp.sk/?fn=detailBiblioForm&sid=D51643D01657CDEC2692B7F06848